| 000 | 00913nas a2200313 4500 | ||
|---|---|---|---|
| 001 | BR0701134 | ||
| 003 | BR-BrBNA | ||
| 005 | 20231205110620.0 | ||
| 007 | ta | ||
| 008 | 230509b bl.|||p| |||| 00| 00por d | ||
| 040 |
_aBR-BrBNA _bpor _cBiblioteca Nacional de Agricultura |
||
| 041 | _a(Pt) | ||
| 072 | _aL20 | ||
| 100 | 1 | _aRezende, M.J. de M. | |
| 100 | 1 | _aMcManus, C. | |
| 100 | 1 | _aPaludo, G.R. | |
| 100 | 1 | _aMartins, R.D. | |
| 100 | 1 | _aOliveira, L. de P.G. de | |
| 100 | 1 | _aFuck, B.H. | |
| 100 | 1 | _aLouvandini, H. | |
| 245 | 1 | _aComportamento de cavalos das raças Bretã e Percheron estabulados | |
| 650 | _aCAVALO | ||
| 650 | _aRAÇA | ||
| 650 | _aCOMPORTAMENTO ANIMAL | ||
| 650 | _aCONDIÇÃO AMBIENTAL | ||
| 773 | 0 |
_tCiência Animal Brasileira (Brazil) _xISSN 1518-2797 _g(Jan-Mar 2006), v. 7(1) p. 17-25 _wBR0701134 |
|
| 909 |
_a202311 _bLúcia _c55 _dLúcia Elande |
||
| 942 |
_2AGRIS _n0 _cANA |
||
| 999 |
_c188193 _d188193 |
||